[Event "Obert Miquel Mas 2014"]
[Site "Figueres ESP"]
[Date "2014.08.11"]
[Round "1.1"]
[White "Vinardell Cruanas, Sergi"]
[Black "Aroshidze, Levan"]
[Result "0-1"]
[WhiteElo "2167"]
[BlackElo "2539"]
[PlyCount "62"]
[EventDate "2014.08.11"]
[EventType "swiss"]
[EventRounds "9"]
[EventCountry "ESP"]
[Source "lmi"]
[SourceDate "2014.08.11"]

1. e4 c5 2. Nf3 e6 3. d4 cxd4 4. Nxd4 Nc6 5. Nc3 Qc7 6. Be3 a6 7. Qd2 Nf6 8.
O-O-O Bb4 9. f3 Ne5 10. Nb3 b5 11. Kb1 Nc4 12. Bxc4 bxc4 13. Nc1 Rb8 14. Bf4 e5
15. Bg5 Qa5 16. N1e2 Ng8 17. Ka1 f6 18. Be3 Ne7 19. f4 d6 20. fxe5 dxe5 21. h3
O-O 22. g4 Be6 23. Qc1 Rb7 24. Rhf1 Rfb8 25. Rf3 Bxc3 26. bxc3 Rb5 27. Rd6 Kf7
28. Rd1 Qa4 29. a3 Ra5 30. Ka2 Rb3 31. cxb3 cxb3+ 0-1

[Event "Obert Miquel Mas 2014"]
[Site "Figueres ESP"]
[Date "2014.08.11"]
[Round "1.2"]
[White "Gomez Garrido, Camilo Ernesto"]
[Black "Pinsach Gelabert, Alexandre"]
[Result "1-0"]
[WhiteElo "2496"]
[BlackElo "2140"]
[PlyCount "154"]
[EventDate "2014.08.11"]
[EventType "swiss"]
[EventRounds "9"]
[EventCountry "ESP"]
[Source "lmi"]
[SourceDate "2014.08.11"]

1. e4 e5 2. Nf3 Nc6 3. Bb5 a6 4. Ba4 Nf6 5. d3 b5 6. Bb3 Be7 7. O-O Bb7 8. a3
O-O 9. Nc3 d6 10. Nd5 Nxd5 11. Bxd5 Na5 12. b4 Bxd5 13. exd5 Nb7 14. c4 f5 15.
Bb2 Bf6 16. Qb3 Re8 17. Rac1 Qe7 18. Rfe1 Rab8 19. Qc2 Qf7 20. Re2 Rec8 21. a4
c6 22. cxb5 cxb5 23. Qxc8+ Rxc8 24. Rxc8+ Nd8 25. axb5 axb5 26. Bc1 h6 27. Be3
Qxd5 28. Bb6 Qb7 29. Rxd8+ Bxd8 30. Bxd8 e4 31. dxe4 fxe4 32. Ne1 Qc8 33. Ba5
Qc4 34. Rc2 Qd4 35. Kf1 Qd1 36. Bb6 Qb1 37. Rc8+ Kf7 38. Rc7+ Ke6 39. Ke2 Qxb4
40. Nc2 Qa4 41. Kd2 Qa6 42. Bd4 Qa5+ 43. Rc3 g5 44. g4 b4 45. Rb3 Qd5 46. Rxb4
e3+ 47. Nxe3 Qf3 48. Ke1 Qh1+ 49. Ke2 Qxh2 50. Rb6 h5 51. Bc5 hxg4 52. Bxd6 Qh1
53. Bg3+ Kf7 54. Rb4 Qf3+ 55. Kd2 Qa8 56. Rxg4 Qa2+ 57. Ke1 Qb1+ 58. Ke2 Qb5+
59. Rc4 Kg6 60. Kf1 Qb1+ 61. Kg2 Qb7+ 62. Kg1 Qb1+ 63. Kh2 Qb7 64. Rd4 Qh7+ 65.
Kg1 Kh5 66. Rd5 Qe4 67. Re5 Qb1+ 68. Kh2 Kg6 69. Nd5 Qd1 70. Nc3 Qa1 71. Ne4
Qb1 72. Nxg5 Qd1 73. Nh3 Kf6 74. Ng5 Qh5+ 75. Kg2 Qd1 76. Ne4+ Kg6 77. Rg5+ Kf7
1-0

[Event "Obert Miquel Mas 2014"]
[Site "Figueres ESP"]
[Date "2014.08.11"]
[Round "1.3"]
[White "Saez Coma, Alejandro"]
[Black "Campos Moreno, Javier B"]
[Result "1/2-1/2"]
[WhiteElo "2113"]
[BlackElo "2458"]
[PlyCount "58"]
[EventDate "2014.08.11"]
[EventType "swiss"]
[EventRounds "9"]
[EventCountry "ESP"]
[Source "lmi"]
[SourceDate "2014.08.11"]

1. d4 Nf6 2. c4 e6 3. Nf3 Bb4+ 4. Bd2 Qe7 5. g3 Bxd2+ 6. Nbxd2 d6 7. Bg2 O-O 8.
O-O e5 9. e4 Bg4 10. h3 Bxf3 11. Nxf3 c5 12. dxe5 dxe5 13. Qc2 Nc6 14. a3 a5
15. b3 Ne8 16. h4 Nc7 17. Bh3 Ne6 18. Bxe6 Qxe6 19. Rfd1 Nd4 20. Nxd4 exd4 21.
f4 Rad8 22. Qd3 Qh3 23. Re1 Rfe8 24. Ra2 Rd6 25. Rh2 Qd7 26. Rf2 Rde6 27. Kh2
Qc6 28. Rfe2 f6 29. Kg1 Qc7 1/2-1/2

[Event "Obert Miquel Mas 2014"]
[Site "Figueres ESP"]
[Date "2014.08.11"]
[Round "1.4"]
[White "Oliva Castaneda, Kevel"]
[Black "Fernandez Garcia, Francesc"]
[Result "1/2-1/2"]
[WhiteElo "2446"]
[BlackElo "2070"]
[PlyCount "62"]
[EventDate "2014.08.11"]
[EventType "swiss"]
[EventRounds "9"]
[EventCountry "ESP"]
[Source "lmi"]
[SourceDate "2014.08.11"]

1. Nf3 g6 2. c4 Bg7 3. d4 Nf6 4. Nc3 d6 5. g3 O-O 6. Bg2 c5 7. O-O Nc6 8. dxc5
dxc5 9. Be3 Ng4 10. Bf4 Be6 11. Nd5 Nge5 12. Nd2 Rc8 13. Rc1 h6 14. h3 Qd7 15.
Kh2 Rfd8 16. b3 b6 17. Nb1 Bxd5 18. cxd5 Nb4 19. Nc3 e6 20. dxe6 Qxe6 21. Qe1
Rd7 22. Be3 Rcd8 23. a3 Nbd3 24. exd3 Nxd3 25. Qd1 Nxc1 26. Qxc1 Qxb3 27. Ne4
Rd1 28. Rxd1 Rxd1 29. Nxc5 Rxc1 30. Nxb3 Rc3 31. Bd5 b5 1/2-1/2

[Event "Obert Miquel Mas 2014"]
[Site "Figueres ESP"]
[Date "2014.08.11"]
[Round "1.5"]
[White "Coronado Iruela, Manuel"]
[Black "Perez Mitjans, Orelvis"]
[Result "0-1"]
[WhiteElo "2070"]
[BlackElo "2435"]
[PlyCount "112"]
[EventDate "2014.08.11"]
[EventType "swiss"]
[EventRounds "9"]
[EventCountry "ESP"]
[Source "lmi"]
[SourceDate "2014.08.11"]

1. b3 e5 2. Bb2 Nc6 3. e3 Nf6 4. Bb5 e4 5. d3 a6 6. Bxc6 dxc6 7. Ne2 Bf5 8. d4
Be7 9. c4 O-O 10. Nbc3 Re8 11. h3 b5 12. c5 b4 13. Nb1 Nd5 14. Nd2 Bf8 15. Nc4
a5 16. O-O Qg5 17. Ng3 Bc8 18. Qh5 Qf6 19. Ne5 g6 20. Qd1 Qh4 21. Re1 f6 22.
Nc4 h5 23. Qe2 Qg5 24. Kh1 h4 25. Nf1 f5 26. Nh2 f4 27. Ng4 a4 28. bxa4 Rxa4
29. Nce5 fxe3 30. fxe3 Ra8 31. Qc2 Bf5 32. Qc4 Bg7 33. Re2 Kh7 34. Nf7 Qe7 35.
Nfe5 Qe6 36. Qc2 Rf8 37. Kh2 Nf6 38. Nxf6+ Bxf6 39. Kg1 Rxa2 40. Rxa2 Qxa2 41.
Nxc6 b3 42. Qc4 Qb1+ 43. Qc1 Qd3 44. Qd2 Bg5 45. Qe1 Ra8 46. Ne5 Qb5 47. Nf7
Be7 48. Qf2 Rf8 49. Ne5 Bg4 50. Nxg4 Rxf2 51. Rxf2 Bg5 52. d5 Qd3 53. d6 cxd6
54. Rf7+ Kg8 55. Rg7+ Kf8 56. Bd4 Bxe3+ 0-1

[Event "Obert Miquel Mas 2014"]
[Site "Figueres ESP"]
[Date "2014.08.17"]
[Round "8.1"]
[White "Sanchez Enriquez, Oscar Gerard"]
[Black "Gomez Garrido, Camilo Ernesto"]
[Result "1/2-1/2"]
[WhiteElo "2374"]
[BlackElo "2496"]
[PlyCount "154"]
[EventDate "2014.08.11"]
[EventType "swiss"]
[EventRounds "9"]
[EventCountry "ESP"]
[Source "lmi"]
[SourceDate "2014.08.11"]

1. d4 d5 2. Nf3 c6 3. c4 Nf6 4. Nc3 a6 5. c5 g6 6. h3 Bg7 7. Bf4 O-O 8. e3 Nbd7
9. Be2 Ne4 10. O-O e5 11. Nxe5 Bxe5 12. Bxe5 Nxe5 13. Nxe4 dxe4 14. dxe5 Qg5
15. Qd4 Re8 16. Qxe4 Rxe5 17. h4 Qe7 18. Qf4 Rxc5 19. Rac1 Re5 20. Bf3 Bf5 21.
Rfd1 Re8 22. b4 Be4 23. Rd4 Bxf3 24. Qxf3 Re4 25. Rcc4 Rxd4 26. Rxd4 Rd8 27.
Qd1 Rxd4 28. Qxd4 h5 29. a4 a5 30. bxa5 c5 31. Qc4 Qc7 32. Kf1 Qxa5 33. Ke2 b6
34. g3 Qa8 35. Qb5 Qd8 36. Qc6 Kg7 37. Ke1 Qb8 38. Ke2 Qa7 39. Qb5 Qc7 40. Qc4
Qd7 41. Ke1 Qf5 42. Qb5 Qf6 43. Ke2 Qe6 44. Ke1 Kg8 45. a5 bxa5 46. Qxa5 Qc4
47. Qd8+ Kg7 48. Qd6 Qc2 49. Qe5+ Kh7 50. Qf6 Qb1+ 51. Ke2 Qa2+ 52. Ke1 Qa5+
53. Ke2 Qa2+ 54. Ke1 Kg8 55. Qe5 Qb1+ 56. Ke2 Qc2+ 57. Ke1 c4 58. Qe8+ Kg7 59.
Qe5+ Kh7 60. Qf6 Qb1+ 61. Kd2 Qd3+ 62. Ke1 Kg8 63. Qd4 Qb3 64. Kd2 Qa2+ 65. Ke1
Qb1+ 66. Kd2 Qf5 67. Ke1 Qb5 68. Kd2 Qb3 69. Qd8+ Kh7 70. Qf6 Qa2+ 71. Ke1 Qa5+
72. Ke2 Kg8 73. Qd4 Qb5 74. Kd2 Qf5 75. Ke1 Qb1+ 76. Kd2 Qa2+ 77. Ke1 Qc2
1/2-1/2

[Event "Obert Miquel Mas 2014"]
[Site "Figueres ESP"]
[Date "2014.08.17"]
[Round "8.2"]
[White "Oliva Castaneda, Kevel"]
[Black "Renteria, Jorge"]
[Result "1-0"]
[WhiteElo "2446"]
[BlackElo "2306"]
[PlyCount "65"]
[EventDate "2014.08.11"]
[EventType "swiss"]
[EventRounds "9"]
[EventCountry "ESP"]
[Source "lmi"]
[SourceDate "2014.08.11"]

1. d4 g6 2. c4 Nf6 3. Nc3 Bg7 4. e4 d6 5. h3 O-O 6. Be3 Nbd7 7. Bd3 e5 8. d5
Nc5 9. Bc2 a5 10. Qd2 Nh5 11. Nge2 f5 12. exf5 gxf5 13. g4 Nf6 14. gxf5 Nh5 15.
Bg5 Qe8 16. f6 Nxf6 17. O-O-O Kh8 18. Rdg1 Bd7 19. Rh2 Qf7 20. Rhg2 Rg8 21. Be3
b6 22. f4 e4 23. Rg5 Rae8 24. Bd4 h6 25. R5g2 Bxh3 26. Rh2 Bf5 27. Ng3 e3 28.
Rxh6+ Nh7 29. Qd1 Bxc2 30. Kxc2 Bxd4 31. Qxd4+ Rg7 32. Nh5 Qf5+ 33. Ne4 1-0

[Event "Obert Miquel Mas 2014"]
[Site "Figueres ESP"]
[Date "2014.08.17"]
[Round "8.3"]
[White "Aroshidze, Levan"]
[Black "Alarcon Casellas, Rolando"]
[Result "1-0"]
[WhiteElo "2539"]
[BlackElo "2411"]
[PlyCount "131"]
[EventDate "2014.08.11"]
[EventType "swiss"]
[EventRounds "9"]
[EventCountry "ESP"]
[Source "lmi"]
[SourceDate "2014.08.11"]

1. e4 e6 2. d4 d5 3. Nc3 Nf6 4. e5 Nfd7 5. f4 c5 6. Nf3 Nc6 7. Be3 a6 8. Qd2 b5
9. a3 Bb7 10. Bd3 g5 11. fxg5 cxd4 12. Nxd4 Ndxe5 13. O-O Bg7 14. Nxc6 Bxc6 15.
Ne2 Nc4 16. Bxc4 dxc4 17. Nd4 Be4 18. Rad1 O-O 19. Qe2 Qe7 20. Bf4 Bg6 21. h4
e5 22. Nf3 Rfe8 23. Rde1 Bh5 24. Qe3 Bxf3 25. Rxf3 e4 26. c3 Rad8 27. Qb6 Qd7
28. Rfe3 Bf8 29. Rxe4 Rxe4 30. Rxe4 Qd5 31. Re5 Qd1+ 32. Kh2 Qg4 33. Bg3 Rd3
34. Qf2 Qd7 35. Bf4 Bd6 36. Re2 Bf8 37. Be5 Qg4 38. Re1 Bc5 39. Qf4 Qxf4+ 40.
Bxf4 f6 41. gxf6 Kf7 42. g3 Kxf6 43. Kh3 Bd6 44. Bxd6 Rxd6 45. Re2 Rd1 46. Kg4
Rg1 47. Rf2+ Kg7 48. Rd2 Re1 49. Rd7+ Kg8 50. Kg5 Re2 51. g4 Rxb2 52. Kh6 Re2
53. Rd8+ Kf7 54. g5 Rh2 55. h5 Rh3 56. Rd7+ Kg8 57. Rg7+ Kf8 58. Rxh7 Rxc3 59.
g6 Rd3 60. Rc7 Rg3 61. Kh7 c3 62. g7+ Rxg7+ 63. Rxg7 a5 64. Rc7 b4 65. axb4
axb4 66. Rc4 1-0

[Event "Obert Miquel Mas 2014"]
[Site "Figueres ESP"]
[Date "2014.08.17"]
[Round "8.4"]
[White "Dalo, Hermes"]
[Black "Campos Moreno, Javier B"]
[Result "0-1"]
[WhiteElo "2221"]
[BlackElo "2458"]
[PlyCount "92"]
[EventDate "2014.08.11"]
[EventType "swiss"]
[EventRounds "9"]
[EventCountry "ESP"]
[Source "lmi"]
[SourceDate "2014.08.11"]

1. d4 Nf6 2. c4 e6 3. Nc3 Bb4 4. e3 O-O 5. Bd3 d5 6. Nf3 c5 7. O-O Nc6 8. a3
Ba5 9. h3 Qe7 10. Qe2 dxc4 11. Bxc4 e5 12. d5 e4 13. dxc6 exf3 14. Qxf3 bxc6
15. Ne2 Be6 16. Bxe6 Qxe6 17. Ng3 Bc7 18. Nh5 Ne4 19. Qg4 Qxg4 20. hxg4 Rfd8
21. f3 Nd2 22. Bxd2 Rxd2 23. Rf2 Rad8 24. Rxd2 Rxd2 25. Rb1 Re2 26. Kf1 Rxe3
27. Re1 Rxe1+ 28. Kxe1 Be5 29. f4 Bxb2 30. a4 c4 31. Kd2 Kf8 32. Ng3 g6 33. Ne4
Ke7 34. f5 Bd4 35. Kc2 gxf5 36. gxf5 h5 37. Kd2 Kd7 38. Ng3 h4 39. Ne4 f6 40.
Kc2 c3 41. Kd3 c5 42. Kc2 Kc7 43. Nxc3 Bxc3 44. Kxc3 Kd6 45. Kc4 Kc6 46. Kc3
Kd5 0-1

[Event "Obert Miquel Mas 2014"]
[Site "Figueres ESP"]
[Date "2014.08.17"]
[Round "8.5"]
[White "Aloma Vidal, Robert"]
[Black "Gonzalez Rodriguez, Jorge A"]
[Result "1/2-1/2"]
[WhiteElo "2403"]
[BlackElo "2382"]
[PlyCount "155"]
[EventDate "2014.08.11"]
[EventType "swiss"]
[EventRounds "9"]
[EventCountry "ESP"]
[Source "lmi"]
[SourceDate "2014.08.11"]

1. d4 Nf6 2. Nf3 e6 3. g3 b6 4. Bg2 Bb7 5. O-O c5 6. c4 cxd4 7. b3 Be7 8. Bb2
O-O 9. Qxd4 Nc6 10. Qf4 d5 11. Rd1 Qb8 12. Ne5 Nxe5 13. Bxe5 Qc8 14. Nd2 dxc4
15. Nxc4 Bxg2 16. Kxg2 Qb7+ 17. Qf3 Qxf3+ 18. Kxf3 Rfd8 19. e4 Ne8 20. Ke2 f6
21. Bf4 Kf7 22. a4 Bb4 23. e5 Ke7 24. h4 h5 25. f3 Rd5 26. exf6+ gxf6 27. Rxd5
exd5 28. Ne3 Ke6 29. Rd1 Rd8 30. g4 Ng7 31. Bh6 Bf8 32. Kd3 hxg4 33. fxg4 Kf7
34. Bxg7 Bxg7 35. Rc1 Rd7 36. Rc6 Bf8 37. Nf5 Ba3 38. Rc8 a5 39. h5 Bc5 40. Rh8
Ke6 41. Re8+ Kf7 42. Rc8 Ke6 43. Nh4 Rg7 44. Ng6 Kd7 45. Ra8 Ke6 46. Rd8 Bd6
47. Re8+ Kd7 48. Re1 Rh7 49. Rf1 Ke6 50. Rf5 Rc7 51. h6 Rh7 52. Rh5 Kf7 53. Nh4
Bf8 54. Nf5 Bc5 55. Ne3 d4 56. Nd5 Kg6 57. Nf4+ Kf7 58. Kc4 Bd6 59. Ne2 Bf8 60.
Nxd4 Rxh6 61. Rxh6 Bxh6 62. Kb5 Be3 63. Nc2 Bc5 64. b4 axb4 65. Nxb4 Ke6 66.
Na6 Bf2 67. Nc7+ Ke5 68. Na8 Kf4 69. Nxb6 Be1 70. Nd5+ Kxg4 71. Nxf6+ Kf5 72.
Nd5 Ke6 73. Kc6 Bd2 74. Nb6 Ke7 75. Nc4 Be1 76. Kc7 Bc3 77. Ne3 Ba5+ 78. Kc8
1/2-1/2

[Event "Obert Miquel Mas 2014"]
[Site "Figueres ESP"]
[Date "2014.08.18"]
[Round "9.1"]
[White "Oliva Castaneda, Kevel"]
[Black "Sanchez Enriquez, Oscar Gerard"]
[Result "1-0"]
[WhiteElo "2446"]
[BlackElo "2374"]
[PlyCount "66"]
[EventDate "2014.08.11"]
[EventType "swiss"]
[EventRounds "9"]
[EventCountry "ESP"]
[Source "lmi"]
[SourceDate "2014.08.11"]

1. Nf3 c5 2. c4 Nc6 3. Nc3 g6 4. g3 Bg7 5. Bg2 d6 6. O-O e6 7. e3 Nge7 8. d4
O-O 9. dxc5 dxc5 10. Qc2 a6 11. a3 Qc7 12. Rb1 b6 13. b4 cxb4 14. axb4 Bb7 15.
c5 bxc5 16. bxc5 Na5 17. Na4 Rab8 18. Ba3 Bc6 19. Nb6 Bb5 20. Rfc1 Nac6 21. Nd2
Ne5 22. Ndc4 Nxc4 23. Nxc4 Nf5 24. Bb4 h5 25. c6 Rfc8 26. Ba5 Qe7 27. Nb6 Rc7
28. Na4 Rbc8 29. Bxc7 Rxc7 30. Nc5 Nd6 31. Qa2 Ra7 32. Nb7 Rxb7 33. cxb7 Nxb7
1-0

[Event "Obert Miquel Mas 2014"]
[Site "Figueres ESP"]
[Date "2014.08.18"]
[Round "9.2"]
[White "Campos Moreno, Javier B"]
[Black "Aroshidze, Levan"]
[Result "1/2-1/2"]
[WhiteElo "2458"]
[BlackElo "2539"]
[PlyCount "36"]
[EventDate "2014.08.11"]
[EventType "swiss"]
[EventRounds "9"]
[EventCountry "ESP"]
[Source "lmi"]
[SourceDate "2014.08.11"]

1. d4 Nf6 2. c4 e6 3. Nf3 b6 4. Nc3 Bb4 5. e3 Bb7 6. Bd3 Ne4 7. O-O Bxc3 8.
bxc3 O-O 9. c5 f5 10. c4 Nc3 11. Qe1 Bxf3 12. gxf3 Qg5+ 13. Kh1 Qh5 14. Rg1
Qxf3+ 15. Rg2 bxc5 16. Qxc3 Qd1+ 17. Rg1 Qf3+ 18. Rg2 Qd1+ 1/2-1/2

[Event "Obert Miquel Mas 2014"]
[Site "Figueres ESP"]
[Date "2014.08.18"]
[Round "9.3"]
[White "Gonzalez Rodriguez, Jorge A"]
[Black "Gomez Garrido, Camilo Ernesto"]
[Result "0-1"]
[WhiteElo "2382"]
[BlackElo "2496"]
[PlyCount "90"]
[EventDate "2014.08.11"]
[EventType "swiss"]
[EventRounds "9"]
[EventCountry "ESP"]
[Source "lmi"]
[SourceDate "2014.08.11"]

1. b3 c5 2. c4 Nf6 3. Bb2 e6 4. Nf3 b6 5. g3 Bb7 6. Bg2 d6 7. O-O Nbd7 8. e3
Be7 9. d4 O-O 10. Nc3 Ne4 11. Ne2 Qc7 12. Nf4 a6 13. a4 Nef6 14. Nd3 Be4 15.
Qe2 Qb7 16. Rfd1 Rab8 17. Nfe1 Bxg2 18. Nxg2 Rfc8 19. Nge1 cxd4 20. exd4 b5 21.
axb5 axb5 22. Rdc1 bxc4 23. bxc4 Bf8 24. Ng2 Qe4 25. Qxe4 Nxe4 26. Rc2 g6 27.
Kf1 Rxc4 28. Rxc4 Nd2+ 29. Ke2 Nxc4 30. Bc1 Bg7 31. Be3 Ndb6 32. Nge1 Nd5 33.
Rc1 Ndxe3 34. fxe3 d5 35. Ra1 h5 36. Ng2 Nd6 37. Nge1 Rc8 38. Nc5 Rxc5 39. dxc5
Bxa1 40. cxd6 Kf8 41. Nd3 Ke8 42. e4 dxe4 43. Nc5 Be5 44. Nxe4 Kd7 45. Ng5 f6
0-1

[Event "Obert Miquel Mas 2014"]
[Site "Figueres ESP"]
[Date "2014.08.18"]
[Round "9.5"]
[White "Renteria, Jorge"]
[Black "Dorca Dilme, Ramon"]
[Result "1-0"]
[WhiteElo "2306"]
[BlackElo "2193"]
[PlyCount "79"]
[EventDate "2014.08.11"]
[EventType "swiss"]
[EventRounds "9"]
[EventCountry "ESP"]
[Source "lmi"]
[SourceDate "2014.08.11"]

1. d4 e6 2. c4 f5 3. Bf4 Nf6 4. a3 g6 5. e3 Bg7 6. Nc3 d6 7. h3 O-O 8. Qc2 Qe7
9. Nf3 a6 10. Be2 Nbd7 11. Bh2 c6 12. e4 d5 13. exd5 exd5 14. cxd5 Nxd5 15.
Nxd5 cxd5 16. O-O Nf6 17. Rfe1 Ne4 18. Be5 Bh6 19. Bd3 Be6 20. Nh2 Rac8 21. Qe2
Bf7 22. f3 Nd6 23. Qf2 Qd8 24. Qg3 Nc4 25. Bxf5 Nxe5 26. Bxc8 Nd3 27. Be6 Qb6
28. Bxf7+ Kxf7 29. Qh4 Nxe1 30. Qxh6 Qxd4+ 31. Kh1 Nc2 32. Rc1 Rc8 33. Ng4 Kg8
34. Qg5 Kf7 35. Qh4 Qxb2 36. Qxh7+ Kf8 37. Qh6+ Kf7 38. Qg5 Rc6 39. Ne5+ Ke6
40. Nxc6 1-0